A TREATISE ON PHARMACEUTICAL REGULATORY AFFAIRS & QUALITY MANAGEMENT [ VOL-1] (Record no. 8927)

MARC details
000 -LEADER
fixed length control field 00463nam a22001697a 4500
005 - DATE AND TIME OF LATEST TRANSACTION
control field 20251126181521.0
008 - FIXED-LENGTH DATA ELEMENTS--GENERAL INFORMATION
fixed length control field 251120b |||||||| |||| 00| 0 eng d
020 ## - INTERNATIONAL STANDARD BOOK NUMBER
ISBN 978-81-929042-6-9
041 ## - LANGUAGE CODE
Language code of text/sound track or separate title eng
082 ## - DEWEY DECIMAL CLASSIFICATION NUMBER
Classification number 615.1 VAR-T
100 ## - MAIN ENTRY--AUTHOR NAME
Personal name VARUN, DR.D
245 ## - TITLE STATEMENT
Title A TREATISE ON PHARMACEUTICAL REGULATORY AFFAIRS & QUALITY MANAGEMENT [ VOL-1]
260 ## - PUBLICATION, DISTRIBUTION, ETC. (IMPRINT)
Place of publication HYDERABAD
Name of publisher TAURUS PUBLISHERS
Year of publication 2025
300 ## - PHYSICAL DESCRIPTION
Number of Pages 619;P
650 ## - SUBJECT ADDED ENTRY--TOPICAL TERM
Topical Term PHARMACY
942 ## - ADDED ENTRY ELEMENTS (KOHA)
Koha item type Books
Holdings
Lost status Damaged status Collection code Home library Current library Date acquired Source of acquisition Cost, normal purchase price Full call number Accession Number Koha item type
    PHARMACY JRU Library JRU Library 14/11/2025 PURCHASE 999.00 615.1 29035 Books